000 00743nam a2200217 i 4500
001 89823
003 ES-MaACL
005 20230906180259.0
007 t|
008 050113s1964 sp ||||1| spa d
100 1 _aLausberg, Heinrich.
_970655
245 1 0 _aLingüística romántica /
_cHeinrich Lausberg ; traducción, J. Pérez Riesco y E. Pascual Rodríguez.
260 _aMadrid :
_bGredos,
_c1964.
300 _a2 v. ;
_c21 cm.
505 8 _aContiene: T. I: Fonética. -- T. II: Morfología.
650 4 _aLenguas románicas-
_xFonética.
_9169272
650 4 _aLenguas románicas-
_xMorfología.
_9169273
700 1 _aPérez Riesco, José.
_991107
700 1 _aPascual Rodríguez, E.
_989397
852 _aES-MaACL
_jP-1256
_bR.58088
999 _c89823
_d89823